| 000 | 00483nam a2200157 a 4500 | ||
|---|---|---|---|
| 001 | 000040077 | ||
| 005 | 20250128171937.0 | ||
| 008 | 130805s1997 sp 000 0 spa d | ||
| 020 | _a8420633313 | ||
| 040 |
_aDO-SdBNP _bspa _cBNPHU |
||
| 100 | 1 |
_aBorges, Jorge Luis, _d1899-1986 _94173 |
|
| 245 | 1 | 0 |
_aDiscusión / _cJorge Luis Borges. |
| 260 |
_aMadrid : _bBiblioteca Borges, _bAlianza Editorial, _c1997. |
||
| 300 |
_a230 p. ; _c18 cm. |
||
| 500 | _aIncluye notas al pie de las páginas | ||
| 999 |
_c39567 _d39567 |
||